Normal view MARC view

Entry Topical Term

Number of records used in: 1

001 - CONTROL NUMBER

  • control field: 720

003 - CONTROL NUMBER IDENTIFIER

  • control field: csc

005 - DATE AND TIME OF LATEST TRANSACTION

  • control field: 20140507162053.0

008 - FIXED-LENGTH DATA ELEMENTS

  • fixed length control field: 130215|| aca||aabn | a|a d

040 ## - CATALOGING SOURCE

  • Original cataloging agency: csc
  • Transcribing agency: csc

150 ## - HEADING--TOPICAL TERM

  • Topical term or geographic name entry element: World music.

670 ## - SOURCE DATA FOUND

  • Source citation: Work cat.: (csc)103: Fela, 1938-1997 143, Original suffer head/I.T.T., 2000, p1997.